Tropical home gardens (Record no. 8918)

MARC details
000 -LEADER
fixed length control field 01062nam a2200301 a 4500
001 - CONTROL NUMBER
control field 4879702
003 - CONTROL NUMBER IDENTIFIER
control field OSt
005 - DATE AND TIME OF LATEST TRANSACTION
control field 20240626121252.0
008 - FIXED-LENGTH DATA ELEMENTS--GENERAL INFORMATION
fixed length control field 920825s1990 ja a b i100 0 eng
010 ## - LIBRARY OF CONGRESS CONTROL NUMBER
LC control number 92205152
020 ## - INTERNATIONAL STANDARD BOOK NUMBER
International Standard Book Number 9280807323
040 ## - CATALOGING SOURCE
Transcribing agency MUST
043 ## - GEOGRAPHIC AREA CODE
Geographic area code w------
082 00 - DEWEY DECIMAL CLASSIFICATION NUMBER
Classification number 635 TRO 1990
Edition number 22
100 ## - MAIN ENTRY--PERSONAL NAME
Personal name Landauer, Kathleen
9 (RLIN) 18044
245 00 - TITLE STATEMENT
Title Tropical home gardens
Statement of responsibility, etc. edited by Kathleen Landauer and Mark Brazil.
260 ## - PUBLICATION, DISTRIBUTION, ETC. (IMPRINT)
Place of publication, distribution, etc. Tokyo, Japan :
Name of publisher, distributor, etc. United Nations University Press,
Date of publication, distribution, etc. c1990.
300 ## - PHYSICAL DESCRIPTION
Extent xv, 257 p. :
Other physical details ill. ;
Dimensions 24 cm.
504 ## - BIBLIOGRAPHY, ETC. NOTE
Bibliography, etc Includes bibliographical references
650 #0 - SUBJECT ADDED ENTRY--TOPICAL TERM
Topical term or geographic name as entry element Gardens
Geographic subdivision Tropics
General subdivision Congresses.
9 (RLIN) 18045
650 #0 - SUBJECT ADDED ENTRY--TOPICAL TERM
Topical term or geographic name as entry element Gardening
Geographic subdivision Tropics
General subdivision Congresses.
9 (RLIN) 18046
650 #0 - SUBJECT ADDED ENTRY--TOPICAL TERM
Topical term or geographic name as entry element Food crops
Geographic subdivision Tropics
General subdivision Congresses.
9 (RLIN) 18047
700 1# - ADDED ENTRY--PERSONAL NAME
Personal name Landauer, Kathleen.
9 (RLIN) 18044
700 1# - ADDED ENTRY--PERSONAL NAME
Personal name Brazil, Mark.
9 (RLIN) 18048
906 ## - LOCAL DATA ELEMENT F, LDF (RLIN)
a 7
b cbc
c orignew
d 2
e ncip
f 19
g y-gencatlg
942 ## - ADDED ENTRY ELEMENTS (KOHA)
Source of classification or shelving scheme Dewey Decimal Classification
Koha item type Open Shelf
Holdings
Withdrawn status Lost status Source of classification or shelving scheme Damaged status Not for loan Home library Current library Date acquired Source of acquisition Inventory number Total Checkouts Full call number Barcode Date last seen Price effective from Koha item type
    Other/Generic Classification Scheme     MUST Main Library MUST Main Library 26/06/2024 Purchase 15062   635 TRO 1990 2024-21428 26/06/2024 26/06/2024 Open Shelf